|
|
|
|
| LEADER |
01343nam a2200313 u 4500 |
| 001 |
10017236 |
| 003 |
upatras |
| 005 |
20210117205051.0 |
| 008 |
881025s1973 us eng |
| 020 |
|
|
|a 0471708232
|
| 040 |
|
|
|a GR-PaULI
|c GR-PaULI
|
| 041 |
0 |
|
|a eng
|
| 082 |
0 |
4 |
|a 519.5
|
| 100 |
1 |
|
|a Rao, C. Radhakrishna
|q (Calyampudi Radhakrishna),
|d 1920-
|9 10166
|
| 245 |
1 |
0 |
|a Linear statistical inference and its applications
|c C. Radhakrishna Rao
|
| 250 |
|
|
|a 2nd edition
|
| 260 |
|
|
|a New York
|b John Wiley & Sons
|c 1973
|
| 300 |
|
|
|a xx, 625 p.
|b tab.
|c 24 cm.
|
| 504 |
|
|
|a Includes bibliographical references and index
|
| 650 |
|
4 |
|a Στατιστική
|9 85
|
| 650 |
|
4 |
|a Πιθανότητες
|9 199
|
| 650 |
|
4 |
|a Στατιστική ανάλυση
|9 139
|
| 852 |
|
|
|a GR-PaULI
|b ΠΑΤΡΑ
|b ΒΚΠ
|b ΒΣ1
|k ΑΣΧΞ-12
|h 519.54 RAO
|m 086459
|p 025000040072
|t 2
|
| 852 |
|
|
|a GR-PaULI
|b ΠΑΤΡΑ
|b ΜΑΘΗΜΑΤΙΚΟ
|k ΑΣΧΞ
|h 519.5 R
|m 34125
|t 1
|
| 942 |
|
|
|2 ddc
|c BK15
|
| 952 |
|
|
|0 0
|1 0
|4 0
|6 519_540000000000000_RAO
|7 0
|9 167830
|a LISP
|b LISP
|c BSC
|d 2016-04-24
|i 086459
|l 0
|o 519.54 RAO
|p 025000040072
|r 2016-04-24 00:00:00
|t 2
|w 2016-04-24
|y BK15
|
| 952 |
|
|
|0 0
|1 0
|4 0
|6 519_500000000000000_R
|7 0
|9 167831
|a LISP
|b LISP
|d 2016-04-24
|i 34125
|l 0
|o 519.5 R
|r 2016-04-24 00:00:00
|t 1
|w 2016-04-24
|y BK15
|
| 998 |
|
|
|c ΒΑΣΙΛΕΙΟΥ
|d 2006-10
|
| 999 |
|
|
|c 104951
|d 104951
|